<?xml version="1.0" encoding="UTF-8"?>
<record
    xmlns:xsi="http://www.w3.org/2001/XMLSchema-instance"
    xsi:schemaLocation="http://www.loc.gov/MARC21/slim http://www.loc.gov/standards/marcxml/schema/MARC21slim.xsd"
    xmlns="http://www.loc.gov/MARC21/slim">

  <leader>00771nam a22001337a 4500</leader>
  <datafield tag="040" ind1=" " ind2=" ">
    <subfield code="c">RUA</subfield>
  </datafield>
  <datafield tag="082" ind1=" " ind2=" ">
    <subfield code="a">VEM MEA 2015 B533 Or.1</subfield>
  </datafield>
  <datafield tag="100" ind1=" " ind2=" ">
    <subfield code="a">MEAN SENITH; &#x1798;&#x17B6;&#x1793; &#x179F;&#x17B7;&#x1793;&#x17B7;&#x178F;</subfield>
  </datafield>
  <datafield tag="245" ind1=" " ind2=" ">
    <subfield code="a">Effectiveness of ivermectin and levamisole on the gastrointestinal parasite in pigs at top sokleang in donkor district, phnom penh ; &#x1794;&#x17D2;&#x179A;&#x179F;&#x17B7;&#x1791;&#x17D2;&#x1792;&#x1797;&#x17B6;&#x1796;Ivermectin &#x1793;&#x17B7;&#x1784; levamisole &#x179B;&#x17BE;&#x179C;&#x178F;&#x17D2;&#x178F;&#x1798;&#x17B6;&#x1793;&#x1794;&#x179A;&#x17B6;&#x179F;&#x17B7;&#x178F;&#x200B;&#x1780;&#x17D2;&#x1793;&#x17BB;&#x1784;&#x1780;&#x17D2;&#x179A;&#x1796;&#x17C7;&#x1796;&#x17C4;&#x17C7;&#x179C;&#x17C0;&#x1793;&#x1787;&#x17D2;&#x179A;&#x17BC;&#x1780;&#x1793;&#x17C5;&#x1780;&#x179F;&#x17B7;&#x178A;&#x17D2;&#x178B;&#x17B6;&#x1793; &#x178F;&#x17BB;&#x1794;&#x200B; &#x179F;&#x17BB;&#x1781;&#x179B;&#x17B6;&#x1784; &#x179F;&#x17D2;&#x1790;&#x17B7;&#x178F;&#x1793;&#x17C5;&#x1781;&#x178E;&#x17D2;&#x178C;&#x178A;&#x1784;&#x17D2;&#x1780;&#x17C4; &#x179A;&#x17B6;&#x1787;&#x1792;&#x17B6;&#x1793;&#x17B8;&#x1797;&#x17D2;&#x1793;&#x17C6;&#x1796;&#x17C1;&#x1789;</subfield>
  </datafield>
  <datafield tag="260" ind1=" " ind2=" ">
    <subfield code="a">PHNOM PENH</subfield>
    <subfield code="b">MEA</subfield>
    <subfield code="c">2015</subfield>
  </datafield>
  <datafield tag="300" ind1=" " ind2=" ">
    <subfield code="a">x;47p.</subfield>
    <subfield code="b">ill.</subfield>
    <subfield code="c">29cm.</subfield>
  </datafield>
  <datafield tag="856" ind1=" " ind2=" ">
    <subfield code="u">MEAN SENITH</subfield>
  </datafield>
  <datafield tag="942" ind1=" " ind2=" ">
    <subfield code="c">VEM</subfield>
  </datafield>
  <datafield tag="999" ind1=" " ind2=" ">
    <subfield code="c">10912</subfield>
    <subfield code="d">10912</subfield>
  </datafield>
  <datafield tag="952" ind1=" " ind2=" ">
    <subfield code="0">0</subfield>
    <subfield code="1">0</subfield>
    <subfield code="2">ddc</subfield>
    <subfield code="4">0</subfield>
    <subfield code="6">VEM_MEA_2015_000000000000000_B533_OR_1</subfield>
    <subfield code="7">0</subfield>
    <subfield code="9">57417</subfield>
    <subfield code="a">LBB</subfield>
    <subfield code="b">LBB</subfield>
    <subfield code="c">B533</subfield>
    <subfield code="d">2016-11-25</subfield>
    <subfield code="o">VEM MEA 2015 B533 Or.1</subfield>
    <subfield code="p">A04136</subfield>
    <subfield code="r">2016-11-25</subfield>
    <subfield code="w">2016-11-25</subfield>
    <subfield code="y">VEM</subfield>
  </datafield>
  <datafield tag="952" ind1=" " ind2=" ">
    <subfield code="0">0</subfield>
    <subfield code="1">0</subfield>
    <subfield code="2">ddc</subfield>
    <subfield code="4">0</subfield>
    <subfield code="6">VEM_MEA_2015_000000000000000_B533_OR_2</subfield>
    <subfield code="7">0</subfield>
    <subfield code="9">57418</subfield>
    <subfield code="a">LBB</subfield>
    <subfield code="b">LBB</subfield>
    <subfield code="c">B533</subfield>
    <subfield code="d">2016-11-25</subfield>
    <subfield code="l">1</subfield>
    <subfield code="o">VEM MEA 2015 B533 Or.2</subfield>
    <subfield code="p">A03085</subfield>
    <subfield code="r">2019-04-02</subfield>
    <subfield code="s">2019-02-27</subfield>
    <subfield code="w">2016-11-25</subfield>
    <subfield code="y">VEM</subfield>
  </datafield>
  <datafield tag="952" ind1=" " ind2=" ">
    <subfield code="0">0</subfield>
    <subfield code="1">0</subfield>
    <subfield code="2">ddc</subfield>
    <subfield code="4">0</subfield>
    <subfield code="6">VEM_MEA_2015_000000000000000_B533_OR_3</subfield>
    <subfield code="7">0</subfield>
    <subfield code="9">57419</subfield>
    <subfield code="a">LBB</subfield>
    <subfield code="b">LBB</subfield>
    <subfield code="c">B533</subfield>
    <subfield code="d">2016-11-25</subfield>
    <subfield code="l">1</subfield>
    <subfield code="o">VEM MEA 2015 B533 Or.3</subfield>
    <subfield code="p">A04366</subfield>
    <subfield code="q">2017-03-25</subfield>
    <subfield code="r">2017-02-17</subfield>
    <subfield code="s">2017-02-17</subfield>
    <subfield code="w">2016-11-25</subfield>
    <subfield code="y">VEM</subfield>
  </datafield>
  <datafield tag="952" ind1=" " ind2=" ">
    <subfield code="0">0</subfield>
    <subfield code="1">0</subfield>
    <subfield code="2">ddc</subfield>
    <subfield code="4">0</subfield>
    <subfield code="6">VEM_MEA_2015_000000000000000_B533_OR_4</subfield>
    <subfield code="7">0</subfield>
    <subfield code="9">57420</subfield>
    <subfield code="a">LBB</subfield>
    <subfield code="b">LBB</subfield>
    <subfield code="c">B533</subfield>
    <subfield code="d">2016-11-25</subfield>
    <subfield code="o">VEM MEA 2015 B533 Or.4</subfield>
    <subfield code="p">A03629</subfield>
    <subfield code="r">2016-11-25</subfield>
    <subfield code="w">2016-11-25</subfield>
    <subfield code="y">VEM</subfield>
  </datafield>
  <datafield tag="952" ind1=" " ind2=" ">
    <subfield code="0">0</subfield>
    <subfield code="1">0</subfield>
    <subfield code="2">ddc</subfield>
    <subfield code="4">0</subfield>
    <subfield code="6">VEM_MEA_2015_000000000000000_B533_OR_5</subfield>
    <subfield code="7">0</subfield>
    <subfield code="9">57421</subfield>
    <subfield code="a">LBB</subfield>
    <subfield code="b">LBB</subfield>
    <subfield code="c">B533</subfield>
    <subfield code="d">2016-11-25</subfield>
    <subfield code="o">VEM MEA 2015 B533 Or.5</subfield>
    <subfield code="p">A04096</subfield>
    <subfield code="r">2016-11-25</subfield>
    <subfield code="w">2016-11-25</subfield>
    <subfield code="y">VEM</subfield>
  </datafield>
  <datafield tag="952" ind1=" " ind2=" ">
    <subfield code="0">0</subfield>
    <subfield code="1">0</subfield>
    <subfield code="2">ddc</subfield>
    <subfield code="4">0</subfield>
    <subfield code="6">VEM_MEA_2015_000000000000000_B533_OR_6</subfield>
    <subfield code="7">0</subfield>
    <subfield code="9">57422</subfield>
    <subfield code="a">LBB</subfield>
    <subfield code="b">LBB</subfield>
    <subfield code="c">B533</subfield>
    <subfield code="d">2016-11-25</subfield>
    <subfield code="o">VEM MEA 2015 B533 Or.6</subfield>
    <subfield code="p">A01338</subfield>
    <subfield code="r">2016-11-25</subfield>
    <subfield code="w">2016-11-25</subfield>
    <subfield code="y">VEM</subfield>
  </datafield>
  <datafield tag="952" ind1=" " ind2=" ">
    <subfield code="0">0</subfield>
    <subfield code="1">0</subfield>
    <subfield code="2">ddc</subfield>
    <subfield code="4">0</subfield>
    <subfield code="6">VEM_MEA_2015_000000000000000_B533_OR_7</subfield>
    <subfield code="7">0</subfield>
    <subfield code="9">57423</subfield>
    <subfield code="a">LBB</subfield>
    <subfield code="b">LBB</subfield>
    <subfield code="c">B533</subfield>
    <subfield code="d">2016-11-25</subfield>
    <subfield code="o">VEM MEA 2015 B533 Or.7</subfield>
    <subfield code="p">A03089</subfield>
    <subfield code="r">2016-11-25</subfield>
    <subfield code="w">2016-11-25</subfield>
    <subfield code="y">VEM</subfield>
  </datafield>
</record>
